Statistics for Russian Authors

Click here to take the quiz!

General Stats

  • This quiz has been taken 142 times
  • The average score is 8 of 16

Answer Stats

Known forAuthor% Correct
War and Peace, Anna KareninaLeo Tolstoy
99%
Crime and Punishment, The Brothers KaramazovFyodor Dostoyevsky
95%
Dead Souls, The Overcoat, The NoseNikolai Gogol
77%
Eugene Onegin, The Captain's DaughterAlexander Pushkin
76%
Uncle Vanya, Three Sisters, The Cherry OrchardAnton Chekhov
68%
Doctor ZhivagoBoris Pasternak
65%
Master and MargaritaMikhail Bulgakov
63%
A Sportsman's Sketches, Fathers and SonsIvan Turgenev
62%
One Day in the Life of Ivan Denisovich, The Gulag ArchipelagoAleksandr Solzhenitsyn
61%
The Lower Depths, Mother, Twenty-six Men and a GirlMaxim Gorky
43%
A Common Story, Oblomov, The PrecipiceIvan Goncharov
30%
And Quiet Flows the Don, Destiny of a ManMikhail Sholokhov
28%
Requiem, Poem Without a HeroAnna Akhmatova
26%
Cursed Days, The Village, The Life of ArsenievIvan Bunin
23%
Roadside Picnic, Hard to Be a GodArkady and Boris Strugatsky
14%
Metro 2033 seriesDmitry Glukhovsky
13%

Score Distribution

Percentile by Number Answered

Percent of People with Each Score

Your Score History

You have not taken this quiz